L'idée du droit social. Notion et système du droit social. Histoire doctrinale depuis le 17e siècle jusqu'à la fin du 19e siècle.

Saved in:
Bibliographic Details
Main Author: Gurvitch, Georges (autor)
Other Authors: Le Fur, Louis (préface)
Format: Book
Published: Aalen, Alemania: Scientia, 1972.
Edition:Réimpression de l'édition Paris 1932.
Subjects:
Tags: Add Tag
No Tags, Be the first to tag this record!

MARC

LEADER 00000nam a22000007a 4500
003 CL-VaPUC
005 20220822114524.0
008 220624t1972 ||||| |||| 00| 0 eng d
999 |c 436349  |d 436347 
020 |a 3.511.00701.1 
040 |c Pontificia Universidad Católica de Valparaíso 
082 7 |a 340.115 GUR 1972  |2 22 
100 1 |a Gurvitch, Georges  |e autor  |9 534897 
245 |a L'idée du droit social.   |b Notion et système du droit social. Histoire doctrinale depuis le 17e siècle jusqu'à la fin du 19e siècle.  
250 |a Réimpression de l'édition Paris 1932. 
260 |a Aalen, Alemania:  |b Scientia,   |c 1972. 
300 |a 710 páginas.  
500 |a c.1 Donación Familia Prof. Alejandro Guzmán Brito. 
583 |c 20220624  |k Cristina María Rojas Aguilar 
650 |a Derecho social  |9 256772 
650 |a Sociología del derecho   |9 254890 
650 |a Filosofía del derecho  |9 871799 
700 |a Le Fur, Louis  |e préface  |9 871467 
942 |2 ddc  |c BK  |n 0 
952 |0 0  |1 0  |2 ddc  |4 0  |6 340_115000000000000_GUR_1972  |7 0  |8 C_AGB  |9 584060  |a BIBDER  |b BIBDER  |d 2022-06-24  |e Donación   |i 5652117  |o 340.115 GUR 1972  |p 5652117  |r 2023-01-25  |t 1  |w 2022-06-24  |y BK_US  |k AGB